000 01324nam0a22003011 4500
001 rc\4371164
005 20260407214613.0
021 _aRU
_b68-78073
021 _aRU
_bРг7202-68
035 _a(NLR Aleph) 008287043
090 _a8552428
_c8552428
100 _a20130416d1968 |||y0rusy50 ca
101 0 _arus
102 _aRU
105 _aa z |||||
200 1 _aДоклад на тему "Некоторые вопросы несминаемой отделки тканей из целлюлозных волокон без применения смолянистых веществ"
_fИнж. Гольдштайн Паул, инж. Иордэнеску Еуджена, инж. Протопопеску Мариа
_gVII Междунар. конгресс колористов
210 _aМосква
_cБ. и.
_d1968
215 _a22 с.
_cил.
_d20
320 _aБиблиогр.: с. 19
700 1 _aГольдштайн
_bП.
_gПаул
701 1 _aПротопопеску
_bМ.
_gМариа
701 1 _aИордэнеску
_bЕ.
_gЕуджена
712 1 2 _aМеждународный конгресс колористов
_d7
_f1968
_eМосква
_3RU\NLR\AUTH\8810144350
_9783166
801 0 _aRU
_bNLR
_gpsbo
801 1 _aRU
_bELAR
_2rusmarc
852 _aNLR
_j68-4/22717
942 _cBOOK
980 _aNB